000 01484cam a2200229 4500500
005 20260329010504.0
041 _afre
042 _adc
100 1 0 _aKherbouche, Farid
_eauthor
245 0 0 _aGrotte de Gueldaman : du comportement symbolique de pasteurs néolithiques
260 _c2024.
500 _a15
520 _aD’exceptionnels témoins culturels découverts lors des fouilles archéologiques sur le site de Gueldaman, dans la vallée de la Soummam, esquissent les contours d’un comportement symbolique des pasteurs néolithiques installés dans des habitats en grotte dans les Babors d’Akbou. Le quotidien de ces hommes est jalonné de symboles qu’il nous faut identifier et démêler des préoccupations matérielles. Par le décor céramique et les objets de parures, ils donnent du sens à nombre de leurs actes et productions. Ocre, pendeloques en derme ossifié de tortue, grains d’enfilage en test d’œuf d’autruche, coquillages marins façonnés, bracelets et figurine en ivoire d’éléphant, furent les objets accompagnant les moments privilégiés de cette société pastorale.
690 _aivoire
690 _aNéolithique
690 _aocre
690 _aparure
690 _apendeloque
690 _asymbolique
786 0 _nÉtudes et Documents Berbères | 49-50 | 1 | 2024-07-05 | p. 209-222 | 0295-5245
856 4 1 _uhttps://shs.cairn.info/revue-etudes-et-documents-berberes-2023-1-page-209?lang=fr&redirect-ssocas=7080
999 _c1852969
_d1852969